000 00627nam a2200121Ia 4500
008 220620s9999||||xx |||||||||||||| ||und||
100 _aBrade, Isolde||Axenov, Konstantin||Bondarchuk, Evgenij
245 4 _aThe Transformation of Urban Space in Post-Soviet Russia
546 _aEnglish[eng]
650 _aspatial||saturation||retail||trade||trading||st.||petersburg||metro||station||business
856 _uhttps://library.oapen.org/bitstream/20.500.12657/24081/1/1006051.pdf||https://library.oapen.org/bitstream/20.500.12657/24081/1/1006051.pdf||https://library.oapen.org/bitstream/20.500.12657/24081/1/1006051.pdf
942 _cEB
999 _c33450
_d33450